000 00620nam a2200181Ia 4500
003 GCL
008 140319s9999 xx 000 0 ara d
040 _aGCL /
_cGCL
082 0 4 _aط
_b912
_bق ا
100 1 _aقسم الاطفال فى الدار
245 1 0 _aاطلس العالم العربى /
_cقسم الاطفال فى الدار
260 _a[S.N] :
_bشركة رشاد برس للطباعة والنشر والتوزيع ،
_c1992
300 _a23
490 _aسلسلة المطالعة للصغار
_v0
650 0 4 _aالاطفال
650 0 4 _aالاطالس التاريخية
942 _2ddc
_cBK
999 _c34982
_d34982